Karel the robot : (Запис № 515340)

МАРК-запис
000 -LEADER
fixed length control field 02079cam a2200493 i 4500
001 - CONTROL NUMBER
control field karelrobotgentle00patt
003 - CONTROL NUMBER IDENTIFIER
control field CaSfIA
005 - DATE AND TIME OF LATEST TRANSACTION
control field 20210118161932.0
007 - PHYSICAL DESCRIPTION FIXED FIELD--GENERAL INFORMATION
fixed length control field cr||||
008 - FIXED-LENGTH DATA ELEMENTS--GENERAL INFORMATION
fixed length control field 801031s1981 nyua 001 0 eng
010 ## - LIBRARY OF CONGRESS CONTROL NUMBER
LC control number 80026748
040 ## - CATALOGING SOURCE
Original cataloging agency DLC
Transcribing agency DLC
Modifying agency MUQ
-- NLGGC
-- BTCTA
-- DEBBG
-- CaSfIA
020 ## - INTERNATIONAL STANDARD BOOK NUMBER
International Standard Book Number 0471089281
020 ## - INTERNATIONAL STANDARD BOOK NUMBER
International Standard Book Number 9780471089285
035 ## - SYSTEM CONTROL NUMBER
System control number (OCoLC)6942825
050 00 - LIBRARY OF CONGRESS CALL NUMBER
Classification number QA76.6
Item number .P38
082 00 - DEWEY DECIMAL CLASSIFICATION NUMBER
Classification number 001.64/2
Edition number 19
029 1# - (OCLC)
OCLC library identifier NLGGC
System control number 803354274
029 1# - (OCLC)
OCLC library identifier NZ1
System control number 4968616
029 1# - (OCLC)
OCLC library identifier AU@
System control number 000001842690
029 1# - (OCLC)
OCLC library identifier AU@
System control number 000021449775
029 1# - (OCLC)
OCLC library identifier AU@
System control number 000023880842
029 1# - (OCLC)
OCLC library identifier ZWZ
System control number 023785578
029 1# - (OCLC)
OCLC library identifier UNITY
System control number 065808886
029 1# - (OCLC)
OCLC library identifier DEBBG
System control number BV021927490
100 1# - MAIN ENTRY--PERSONAL NAME
Personal name Pattis, Richard E.
245 10 - TITLE STATEMENT
Title Karel the robot :
Medium [electronic resource]
Remainder of title a gentle introduction to the art of programming /
Statement of responsibility, etc Richard E. Pattis.
260 ## - PUBLICATION, DISTRIBUTION, ETC. (IMPRINT)
Place of publication, distribution, etc New York :
Name of publisher, distributor, etc Wiley,
Date of publication, distribution, etc c1981.
300 ## - PHYSICAL DESCRIPTION
Extent xiv, 106 p. :
Other physical details ill. ;
Dimensions 23 cm.
500 ## - GENERAL NOTE
General note Includes indexes.
506 ## - RESTRICTIONS ON ACCESS NOTE
Standardized terminology for access restriction Необхідна авторизація на https://archive.org/ (створення облікового запису безкоштовно)
506 ## - RESTRICTIONS ON ACCESS NOTE
Standardized terminology for access restriction Необхідна авторизація на https://openlibrary.org/ (створення облікового запису безкоштовно)
650 #0 - SUBJECT ADDED ENTRY--TOPICAL TERM
Topical term or geographic name as entry element Computer programming.
650 #6 - SUBJECT ADDED ENTRY--TOPICAL TERM
Topical term or geographic name as entry element Programmation (Informatique)
650 17 - SUBJECT ADDED ENTRY--TOPICAL TERM
Topical term or geographic name as entry element Programmeren (computers)
Source of heading or term gtt
655 #7 - INDEX TERM--GENRE/FORM
Genre/form data or focus term Einführung.
Source of term swd
650 07 - SUBJECT ADDED ENTRY--TOPICAL TERM
Topical term or geographic name as entry element Programmierung.
Source of heading or term swd
776 08 - ADDITIONAL PHYSICAL FORM ENTRY
Display text Online version:
Main entry heading Pattis, Richard E.
Title Karel the robot.
Place, publisher, and date of publication New York : Wiley, c1981
Record control number (OCoLC)569725630
856 42 - ELECTRONIC LOCATION AND ACCESS
Materials specified Publisher description
Uniform Resource Identifier <a href="http://www.loc.gov/catdir/enhancements/fy0607/80026748-d.html">http://www.loc.gov/catdir/enhancements/fy0607/80026748-d.html</a>
856 41 - ELECTRONIC LOCATION AND ACCESS
Materials specified Table of contents only
Uniform Resource Identifier <a href="http://www.loc.gov/catdir/enhancements/fy0607/80026748-t.html">http://www.loc.gov/catdir/enhancements/fy0607/80026748-t.html</a>
856 41 - ELECTRONIC LOCATION AND ACCESS
Uniform Resource Identifier <a href="http://www.archive.org/details/karelrobotgentle00patt">http://www.archive.org/details/karelrobotgentle00patt</a>
Public note Free eBook from the Internet Archive
856 42 - ELECTRONIC LOCATION AND ACCESS
Uniform Resource Identifier <a href="http://www.openlibrary.org/books/OL4111737M">http://www.openlibrary.org/books/OL4111737M</a>
Public note Additional information and access via Open Library
942 ## - ADDED ENTRY ELEMENTS (KOHA)
Koha item type ЕКнига

Немає доступних примірників.